Ordinary differential equations /

Guardado en:
Autor Principal: Ince, E. L. 1891-1941.
Formato: Libro
Idioma:English
Publicado: London ; New York [etc.] : Longmans, Green and co. ltd., 1927.
Materias:
Etiquetas: Agregar Etiqueta
Sin Etiquetas, Sea el primero en etiquetar este registro!
LEADER 00656nam a22001931a 4500
001 MAT.inmabb005438
008 861114s1927####enka#####b####000#0#eng##
005 20170818122323.0
245 1 0 |a Ordinary differential equations /  |c by E.L. Ince ... 
260 |a London ;  |a New York [etc.] :  |b Longmans, Green and co. ltd.,  |c 1927. 
300 |a viii, 558 p. :  |b diagrs. ;  |c 26 cm. 
504 |a Bibliografía: p. 551-552. 
510 4 |a MR,  |c MR0010757 
100 1 |a Ince, E. L.  |q (Edward Lindsay),  |d 1891-1941. 
650 0 |a Differential equations. 
084 |a 36.0X  |a 34-XX  |2 MR 
010 |a  27019553  
040 |a DLC/ICU  |c ICU  |d DLC 
859 |h 34  |i In36  |p A-1990  |b BIB. MATEMATICA